=LDR 00000nam 2200000 4500 =001 INLIS000000000022368 =005 20130612121131 =008 ***********************************Ind** =035 ##$$0010-061300000022368 =041 ##$$a Ind =082 ##$$a 635 =090 ##$$a 635, Sas-b =100 ##$$a Sastrahidayat, Ika Rohjatun =245 ##$$a Budidaya berbagai jenis tanaman tropika, DR.Ir. Ika Rochdjatun Sastrahidayat, Ir. Soemarno D.S, MS =260 ##$$a 1991 $b Malang =300 ##$$a xxiv, 524 hlm., ilus., 21 cm =650 ##$$a Tanaman tropika-budidaya =850 ##$$a NBPNMAT